[Event "Mauricie op U2000"]
[Site "Trois-Rivieres CAN"]
[Date "2016.03.19"]
[Round "2"]
[White "Ranola, Alberto"]
[Black "Brassard, Sylvain"]
[Result "1-0"]
[WhiteElo "1893"]
[BlackElo "1838"]
[PlyCount "79"]
[EventDate "2016.03.18"]
[EventType "swiss"]
[EventRounds "5"]
[EventCountry "CAN"]

1. Nf3 d5 2. c4 c6 3. g3 Bf5 4. Bg2 e6 5. O-O Nf6 6. d4 Be7 7. Nc3 Nbd7 8. cxd5
exd5 9. Nh4 Be6 10. Qc2 Ne4 11. Nxe4 dxe4 12. Qxe4 Bxh4 13. Qxh4 Qxh4 14. gxh4
O-O 15. e4 Rac8 16. Be3 b6 17. b3 h6 18. Rad1 Rfd8 19. Rd2 Nf6 20. h3 Rc7 21.
f4 Bc8 22. Kh2 Re7 23. e5 Nd5 24. Bg1 Bb7 25. f5 Red7 26. Bf3 Ne7 27. Bg4 Rd5
28. Bf3 R5d7 29. e6 fxe6 30. fxe6 Rc7 31. Be4 Nd5 32. Bg6 Nf6 33. Be3 Rf8 34.
Bf4 Rcc8 35. e7 Rfe8 36. Bxe8 Rxe8 37. Bd6 Kh7 38. Re1 c5 39. dxc5 bxc5 40.
Bxc5 1-0

[Event "Mauricie op U2000"]
[Site "Trois-Rivieres CAN"]
[Date "2016.03.19"]
[Round "3"]
[White "Mercure, Gilbert"]
[Black "Desjardins, Michel"]
[Result "0-1"]
[WhiteElo "1735"]
[BlackElo "1910"]
[PlyCount "118"]
[EventDate "2016.03.18"]
[EventType "swiss"]
[EventRounds "5"]
[EventCountry "CAN"]

1. e4 d5 2. exd5 Qxd5 3. Nc3 Qd6 4. d4 Nf6 5. Bc4 c6 6. Nge2 Bf5 7. f3 e6 8.
Bf4 Qb4 9. Bb3 Nbd7 10. g4 Bg6 11. h4 h5 12. g5 Nd5 13. Bd2 Nxc3 14. bxc3 Qb6
15. Bf4 Be7 16. Bc4 Qa5 17. Rb1 Nb6 18. Bd3 Bxd3 19. Qxd3 O-O-O 20. Kf2 Bd6 21.
Bxd6 Rxd6 22. c4 Rd7 23. Rb3 Qa6 24. Ra3 Qxc4 25. Qxc4 Nxc4 26. Rxa7 Kb8 27.
Ra4 b5 28. Rb1 Rb7 29. Rab4 Na3 30. Rc1 Rd8 31. Nf4 g6 32. Nd3 Nc4 33. c3 Ra7
34. a4 Rxa4 35. Rxa4 bxa4 36. Ra1 a3 37. Rb1+ Kc7 38. Rb4 Ra8 39. Nc1 a2 40.
Nb3 Nd6 41. Na1 Nf5 42. Ke2 Nxh4 43. d5 Nf5 44. dxc6 Kxc6 45. Rc4+ Kd6 46. Rb4
Ra7 47. Rb8 Kc7 48. Rb4 Rb7 49. Ra4 Rb2+ 50. Kd3 Rf2 51. Nc2 h4 52. Rxa2 Rxf3+
53. Kd2 h3 54. Ra7+ Kd6 55. Rxf7 Rf2+ 56. Kd3 h2 57. Rh7 Ng3 58. Ne3 h1=Q 59.
Rxh1 Nxh1 0-1

[Event "Mauricie op U2000"]
[Site "Trois-Rivieres CAN"]
[Date "2016.03.19"]
[Round "3"]
[White "Saha, Ananda"]
[Black "Milette, Patrick"]
[Result "1-0"]
[WhiteElo "1941"]
[BlackElo "1841"]
[PlyCount "69"]
[EventDate "2016.03.18"]
[EventType "swiss"]
[EventRounds "5"]
[EventCountry "CAN"]

1. d4 Nf6 2. c4 c5 3. d5 b5 4. cxb5 a6 5. b6 g6 6. Nc3 Bg7 7. a4 Qxb6 8. a5 Qd8
9. e4 d6 10. Bc4 Nbd7 11. f4 O-O 12. Qd3 Ne8 13. Nf3 Nc7 14. O-O Rb8 15. Re1
Re8 16. Ra2 Nf8 17. h3 h6 18. e5 h5 19. Nh4 e6 20. Nf3 exd5 21. Nxd5 Nxd5 22.
Bxd5 dxe5 23. Qc4 Be6 24. Bxe6 Nxe6 25. fxe5 Qc8 26. Ra4 Rd8 27. Rf1 Nd4 28.
Nxd4 Rxd4 29. Qxf7+ Kh7 30. Rxd4 cxd4 31. Qa7 Rb5 32. Bg5 Rb7 33. Qxa6 Qc7 34.
Bf6 Ra7 35. Qb6 1-0

[Event "Mauricie op U2000"]
[Site "Trois-Rivieres CAN"]
[Date "2016.03.20"]
[Round "4"]
[White "Bleau, John"]
[Black "Johnson-Constantin, Matthieu"]
[Result "1/2-1/2"]
[WhiteElo "1907"]
[BlackElo "1698"]
[PlyCount "44"]
[EventDate "2016.03.18"]
[EventType "swiss"]
[EventRounds "5"]
[EventCountry "CAN"]

1. d4 Nf6 2. Nf3 g6 3. c4 Bg7 4. Nc3 O-O 5. e4 d6 6. h3 e5 7. Bd3 Nc6 8. Be3
exd4 9. Nxd4 Ng4 10. Nxc6 Nxe3 11. Nxd8 Nxd1 12. Rxd1 Rxd8 13. O-O Bxc3 14.
bxc3 b6 15. Rfe1 f6 16. f4 Be6 17. Rd2 Rd7 18. Kf2 Rad8 19. Red1 Kf8 20. Re1 c6
21. Bf1 Bf7 22. Red1 d5 1/2-1/2

[Event "Mauricie op U2000"]
[Site "Trois-Rivieres CAN"]
[Date "2016.03.20"]
[Round "4"]
[White "Deschamps, Martin"]
[Black "Dube, Dominic"]
[Result "0-1"]
[WhiteElo "1803"]
[BlackElo "1824"]
[PlyCount "114"]
[EventDate "2016.03.18"]
[EventType "swiss"]
[EventRounds "5"]
[EventCountry "CAN"]

1. c4 e5 2. Nc3 Nf6 3. g3 d5 4. cxd5 Nxd5 5. Bg2 Nb6 6. Nf3 Nc6 7. O-O Be7 8.
a3 O-O 9. b4 Rb8 10. b5 Nd4 11. Nxe5 Bf6 12. f4 Bxe5 13. fxe5 Qe8 14. e3 Nxb5
15. Nxb5 Qxb5 16. d4 Be6 17. a4 Qd7 18. a5 Nd5 19. e4 Nc3 20. Qd3 Nb5 21. d5
Bg4 22. Rf4 a6 23. Bb2 c5 24. Raf1 Bh5 25. Qe3 Qc7 26. g4 Bg6 27. h4 h5 28.
gxh5 Bxh5 29. Qg3 Nd4 30. Bxd4 cxd4 31. Qg5 Be2 32. d6 Qd8 33. Rf6 Bxf1 34.
Bxf1 Re8 35. Bc4 Rxe5 36. Bxf7+ Kf8 37. Qxe5 Qxf6 38. Qc5 Qxf7 39. d7+ Qe7 40.
Qf5+ Kg8 41. Qd5+ Kf8 42. Qf5+ Qf6 43. Qc5+ Kf7 44. Qd5+ Ke7 45. e5 Qe6 46.
Qc5+ Kxd7 47. Qxd4+ Ke8 48. Qa4+ Qd7 49. Qc4 Qf7 50. e6 Qg6+ 51. Kh2 Rd8 52.
Qa4+ Ke7 53. Qb4+ Kxe6 54. Qb6+ Rd6 55. Qe3+ Kf7 56. Qf3+ Kg8 57. Qb3+ Kh7 0-1

[Event "Mauricie op U2000"]
[Site "Trois-Rivieres CAN"]
[Date "2016.03.20"]
[Round "4"]
[White "Leung, Chin"]
[Black "Abran, David"]
[Result "1-0"]
[WhiteElo "1843"]
[BlackElo "1891"]
[PlyCount "145"]
[EventDate "2016.03.18"]
[EventType "swiss"]
[EventRounds "5"]
[EventCountry "CAN"]

1. e4 c5 2. Nf3 d6 3. d4 cxd4 4. Nxd4 Nf6 5. Nc3 a6 6. Be3 e6 7. Be2 Be7 8. O-O
Qc7 9. Bf3 Nbd7 10. Kh1 Ne5 11. Be2 Nc4 12. Bc1 b5 13. a3 Bb7 14. f3 d5 15.
Bxc4 bxc4 16. exd5 Nxd5 17. Nxd5 Bxd5 18. Nf5 Bf6 19. Re1 O-O 20. Ne3 Bb7 21.
Ng4 Bh4 22. Bd2 Rfd8 23. Re2 c3 24. bxc3 Rd5 25. Qg1 Rh5 26. h3 Bg3 27. Nh2 Rd8
28. Be1 Be5 29. Bf2 Qc4 30. Rd1 Rxd1 31. Qxd1 Bd5 32. Bd4 Bb8 33. Qe1 Qc7 34.
Bg1 h6 35. Qb1 Bc4 36. Rd2 Rb5 37. Qd1 Bd5 38. Rd3 Qb7 39. Qe1 Rb1 40. Rd1 Rb5
41. c4 Bxc4 42. Rd8+ Kh7 43. Rxb8 Qxb8 44. Qe4+ Kg8 45. Qxc4 Rb1 46. f4 Qd6 47.
Qd3 Qxf4 48. Qxa6 Qf2 49. Qc8+ Kh7 50. Nf3 Rc1 51. a4 Rxc2 52. Bxf2 Rxc8 53. a5
f6 54. a6 Rc1+ 55. Kh2 Ra1 56. a7 e5 57. Nd2 Kg6 58. Nb3 Ra2 59. Bb6 Ra6 60.
Nc5 Ra2 61. Ne6 e4 62. Nc7 f5 63. a8=Q Rxa8 64. Nxa8 Kf7 65. g4 f4 66. Bc7 g5
67. Kg2 Kg6 68. Nb6 h5 69. Na4 hxg4 70. hxg4 Kf6 71. Nc5 e3 72. Kf3 Kg6 73. Ne4
1-0

[Event "Mauricie op U2000"]
[Site "Trois-Rivieres CAN"]
[Date "2016.03.20"]
[Round "4"]
[White "Mercure, Gilbert"]
[Black "Dube, Daniel"]
[Result "0-1"]
[WhiteElo "1735"]
[BlackElo "1880"]
[PlyCount "94"]
[EventDate "2016.03.18"]
[EventType "swiss"]
[EventRounds "5"]
[EventCountry "CAN"]

1. e4 Nf6 2. Nc3 d5 3. e5 d4 4. exf6 dxc3 5. fxg7 cxd2+ 6. Qxd2 Qxd2+ 7. Bxd2
Bxg7 8. O-O-O Be6 9. Bf4 Nc6 10. Bb5 O-O 11. Bxc6 bxc6 12. Nf3 Bxa2 13. b3 a5
14. Be5 a4 15. Kb2 axb3 16. cxb3 Rfb8 17. Rd3 c5 18. Ra1 c4 19. Rc3 Bxb3 20.
Rxa8 Rxa8 21. Bxg7 Ra2+ 22. Kc1 Kxg7 23. Nd2 e6 24. f4 Kf6 25. g4 Ra1+ 26. Kb2
Re1 27. h4 Re2 28. Kc1 e5 29. Nxb3 cxb3 30. fxe5+ Kxe5 31. Rxb3 c5 32. Rb7 Rf2
33. Rd7 Rf4 34. h5 Ke6 35. Rc7 Kd6 36. Ra7 Kd5 37. g5 Rf2 38. h6 Kd4 39. Rd7+
Kc3 40. Kd1 c4 41. g6 fxg6 42. Rxh7 Rh2 43. Rh8 g5 44. h7 g4 45. Rg8 Rh1+ 46.
Ke2 Rxh7 47. Rxg4 Rd7 0-1

[Event "Mauricie op U2000"]
[Site "Trois-Rivieres CAN"]
[Date "2016.03.20"]
[Round "4"]
[White "Milette, Patrick"]
[Black "Morin, Louis"]
[Result "1/2-1/2"]
[WhiteElo "1841"]
[BlackElo "1925"]
[PlyCount "135"]
[EventDate "2016.03.18"]
[EventType "swiss"]
[EventRounds "5"]
[EventCountry "CAN"]

1. c4 d5 2. cxd5 c6 3. dxc6 Nxc6 4. Nf3 e5 5. Nc3 Nf6 6. g3 Bc5 7. Bg2 O-O 8.
O-O Qe7 9. d3 Rd8 10. Bg5 Bf5 11. Nh4 Be6 12. Ne4 Bb6 13. Nf3 Bf5 14. Nh4 Bxe4
15. Bxe4 h6 16. Bxf6 Qxf6 17. e3 Rd7 18. Qf3 Qxf3 19. Nxf3 f6 20. Bxc6 bxc6 21.
Rfd1 Rad8 22. Rac1 c5 23. Rc4 Rxd3 24. Rxd3 Rxd3 25. Kf1 Rd1+ 26. Ke2 Ra1 27.
a3 Ra2 28. Rc2 c4 29. Ne1 c3 30. Rxc3 Rxb2+ 31. Nc2 Kf7 32. h4 e4 33. h5 f5 34.
Rc6 Bd8 35. Kf1 Rb1+ 36. Kg2 Rc1 37. Nd4 Rxc6 38. Nxc6 Bb6 39. g4 Kf6 40. gxf5
Kxf5 41. Kg3 Bc5 42. a4 a6 43. Nd4+ Bxd4 44. exd4 a5 45. d5 Ke5 46. d6 Kxd6 47.
Kf4 Kd5 48. Kf5 Kd4 49. Kg6 Kd3 50. Kxg7 Ke2 51. Kxh6 Kxf2 52. Kg6 e3 53. h6 e2
54. h7 e1=Q 55. h8=Q Qe4+ 56. Kf7 Qxa4 57. Qh2+ Ke3 58. Qg3+ Kd2 59. Qf2+ Kc3
60. Qe3+ Kb2 61. Qd2+ Ka3 62. Qc1+ Ka2 63. Qd2+ Kb1 64. Qe1+ Kc2 65. Qf2+ Kb3
66. Qe3+ Ka2 67. Qd2+ Ka3 68. Qc1+ 1/2-1/2

[Event "Mauricie op U2000"]
[Site "Trois-Rivieres CAN"]
[Date "2016.03.20"]
[Round "4"]
[White "Potvin, Alain-Nicolas"]
[Black "Laurin, Marcel"]
[Result "1-0"]
[WhiteElo "1852"]
[BlackElo "1578"]
[PlyCount "37"]
[EventDate "2016.03.18"]
[EventType "swiss"]
[EventRounds "5"]
[EventCountry "CAN"]

1. d4 d5 2. e3 Nf6 3. Bd3 e5 4. dxe5 Ng4 5. f4 Bc5 6. Qe2 h5 7. Nf3 d4 8. exd4
Bxd4 9. Nxd4 Qxd4 10. Nc3 a6 11. h3 Nh6 12. Be3 Qd8 13. O-O-O Bd7 14. Qxh5 g6
15. Bxg6 fxg6 16. Qxg6+ Nf7 17. e6 Qe7 18. exf7+ Kf8 19. Bd4 1-0

[Event "Mauricie op U2000"]
[Site "Trois-Rivieres CAN"]
[Date "2016.03.20"]
[Round "4"]
[White "Zhong, Wenxuan"]
[Black "Saha, Ananda"]
[Result "0-1"]
[WhiteElo "1853"]
[BlackElo "1941"]
[PlyCount "94"]
[EventDate "2016.03.18"]
[EventType "swiss"]
[EventRounds "5"]
[EventCountry "CAN"]

1. e4 c5 2. Nf3 e6 3. d4 cxd4 4. Nxd4 a6 5. c4 Nf6 6. Nc3 d6 7. Be2 Be7 8. O-O
Qc7 9. Be3 Nbd7 10. f4 O-O 11. Rc1 b6 12. Nb3 Bb7 13. Bf3 Rac8 14. Nd2 Rfd8 15.
g4 Qb8 16. f5 d5 17. fxe6 fxe6 18. exd5 exd5 19. g5 Qe5 20. Qe2 Ne4 21. Nxd5
Bxd5 22. cxd5 Rxc1 23. Rxc1 Nxg5 24. Nc4 Qf6 25. Bg4 b5 26. Rf1 Qg6 27. Nd2 Ne5
28. Kh1 Qd6 29. Bxg5 Bxg5 30. Be6+ Kh8 31. Ne4 Qe7 32. Qh5 Rf8 33. Nxg5 Rxf1+
34. Kg2 g6 35. Qh4 Rf8 36. Qh6 Qg7 37. Qxg7+ Kxg7 38. Ne4 Nd3 39. b3 Nf4+ 40.
Kg3 Nxe6 41. dxe6 Re8 42. Nc5 Kf6 43. Kf4 Rc8 44. Nxa6 Kxe6 45. a4 bxa4 46.
bxa4 Rc6 47. Nb8 Rb6 0-1

[Event "Mauricie op U2000"]
[Site "Trois-Rivieres CAN"]
[Date "2016.03.20"]
[Round "5"]
[White "Lamoureux, Yves"]
[Black "Mercure, Gilbert"]
[Result "1-0"]
[WhiteElo "1616"]
[BlackElo "1735"]
[PlyCount "92"]
[EventDate "2016.03.18"]
[EventType "swiss"]
[EventRounds "5"]
[EventCountry "CAN"]

1. e4 d5 2. exd5 Nf6 3. Bb5+ Bd7 4. Bc4 c6 5. dxc6 Nxc6 6. Nf3 Bg4 7. d3 e6 8.
O-O Be7 9. Nbd2 O-O 10. h3 Bf5 11. Nh4 Nd7 12. Nxf5 exf5 13. Nf3 Bf6 14. c3 a5
15. d4 Nb6 16. Bb5 g5 17. Bxc6 bxc6 18. Re1 Kg7 19. Ne5 Qd6 20. Qh5 h6 21. h4
Bxe5 22. Rxe5 Qg6 23. Qxg6+ Kxg6 24. hxg5 hxg5 25. g3 a4 26. Rb1 Nd5 27. Bd2
Rfb8 28. c4 Nb6 29. Rc5 Rc8 30. Kf1 Nd7 31. Ra5 Rxa5 32. Bxa5 c5 33. d5 Ne5 34.
b3 g4 35. Rd1 axb3 36. axb3 Ra8 37. Bc7 Nd7 38. Re1 Kf6 39. d6 Ra2 40. Re2 Ra1+
41. Kg2 Rd1 42. Re7 Ne5 43. Bd8 Rxd6 44. Re8+ Rxd8 45. Rxd8 Ke6 46. Rd5 f6 1-0

[Event "Mauricie op U2000"]
[Site "Trois-Rivieres CAN"]
[Date "2016.03.20"]
[Round "5"]
[White "Saha, Ananda"]
[Black "Leung, Chin"]
[Result "1-0"]
[WhiteElo "1941"]
[BlackElo "1843"]
[PlyCount "93"]
[EventDate "2016.03.18"]
[EventType "swiss"]
[EventRounds "5"]
[EventCountry "CAN"]

1. d4 Nf6 2. c4 e5 3. dxe5 Ng4 4. Bf4 Nc6 5. Nf3 Bb4+ 6. Nbd2 Qe7 7. e3 Ngxe5
8. Nxe5 Nxe5 9. Be2 O-O 10. O-O d6 11. a3 Bc5 12. b4 Bb6 13. Rc1 a5 14. Qc2
axb4 15. axb4 c6 16. Rfd1 Ng6 17. Bg3 Be6 18. Qc3 d5 19. Nf3 Ra2 20. cxd5 cxd5
21. Rd2 Rfa8 22. Nd4 R2a3 23. Qb2 R3a4 24. Rb1 Ra2 25. Qxa2 Rxa2 26. Rxa2 h6
27. Bd3 Bxd4 28. exd4 Qf6 29. Ra8+ Kh7 30. Be5 Qg5 31. f4 Qh5 32. h3 Bf5 33. g4
Qxh3 34. Bxf5 f6 35. Bd6 Qg3+ 36. Kf1 Qf3+ 37. Ke1 Qe3+ 38. Kd1 Qxd4+ 39. Kc1
Qc3+ 40. Bc2 Qc6 41. Bc5 b6 42. Ra6 d4 43. Rxb6 Qh1+ 44. Kb2 Qh2 45. Bxd4 Kg8
46. Re1 Nxf4 47. Rb8+ 1-0

[Event "McGill op"]
[Site "Montreal CAN"]
[Date "2016.04.29"]
[Round "1.3"]
[White "Jacquet, Stephane"]
[Black "Hirschberg, Valerian"]
[Result "0-1"]
[WhiteElo "1999"]
[BlackElo "2317"]
[PlyCount "94"]
[EventDate "2016.04.28"]
[EventType "swiss"]
[EventRounds "5"]
[EventCountry "CAN"]

1. d4 d5 2. c4 dxc4 3. e3 a6 4. Bxc4 Nf6 5. Nf3 e6 6. O-O b5 7. Bb3 Bb7 8. a4
b4 9. Nbd2 Nbd7 10. Qe2 c5 11. a5 Be7 12. Nc4 O-O 13. Rd1 Qc7 14. Bd2 Bd5 15.
Ba4 cxd4 16. Rdc1 d3 17. Qxd3 Qb7 18. Nfe5 Nc5 19. Qf1 Nfe4 20. Be1 f6 21. Nf3
Nxa4 22. Rxa4 Bc6 23. Raa1 e5 24. Nb6 Bb5 25. Nc4 Nc5 26. Nfd2 e4 27. Qe2 Rad8
28. Qg4 f5 29. Qg3 Nd3 30. Rd1 Rf6 31. b3 Rh6 32. h3 Rg6 33. Qh2 Rf8 34. Nf1 f4
35. Ra2 f3 36. g3 Bxc4 37. bxc4 b3 38. Raa1 b2 39. Rab1 Rc8 40. Nd2 Bb4 41. Kf1
Nxe1 42. Kxe1 Bxa5 43. g4 Bc7 44. Qg1 Rd8 45. g5 Ba5 46. Qg4 Rgd6 47. g6 Rxg6
0-1

[Event "McGill op"]
[Site "Montreal CAN"]
[Date "2016.04.29"]
[Round "1.4"]
[White "Leveille, Francois"]
[Black "Pitre, Francois"]
[Result "1-0"]
[WhiteElo "2287"]
[BlackElo "1988"]
[PlyCount "62"]
[EventDate "2016.04.28"]
[EventType "swiss"]
[EventRounds "5"]
[EventCountry "CAN"]

1. e4 c5 2. Nf3 e6 3. d4 cxd4 4. Nxd4 Nf6 5. Nc3 Bb4 6. e5 Nd5 7. Bd2 Nxc3 8.
bxc3 Be7 9. Qg4 g6 10. Bd3 Nc6 11. Nxc6 dxc6 12. O-O Qa5 13. Rfe1 Bd7 14. Qf4
c5 15. Be4 Qc7 16. Qf3 Bc6 17. Bxc6+ Qxc6 18. Qxc6+ bxc6 19. Re4 Rb8 20. Ra4
Rb7 21. Ra6 O-O 22. Rxc6 Rd8 23. Bh6 Rb2 24. g3 Rxc2 25. Ra6 c4 26. Be3 Rxc3
27. Rxa7 Ba3 28. Rb1 Kg7 29. Rbb7 Rf8 30. Kg2 Rd3 31. Rc7 Bb2 1-0

[Event "McGill op"]
[Site "Montreal CAN"]
[Date "2016.04.30"]
[Round "1.6"]
[White "Zhu, Hong Rui"]
[Black "Durette, Francis"]
[Result "1-0"]
[WhiteElo "2273"]
[BlackElo "1929"]
[PlyCount "95"]
[EventDate "2016.04.28"]
[EventType "swiss"]
[EventRounds "5"]
[EventCountry "CAN"]

1. e4 e5 2. Nf3 Nc6 3. d4 exd4 4. Bc4 d6 5. O-O Be7 6. Nxd4 Nf6 7. Nxc6 bxc6 8.
Nc3 O-O 9. Bf4 Be6 10. Bxe6 fxe6 11. Qe2 Rb8 12. Rab1 Nd7 13. Bg3 Nb6 14. a4 a5
15. Rbd1 Qe8 16. b3 Qg6 17. Qa6 Bf6 18. e5 dxe5 19. Qd3 Qxd3 20. Rxd3 Rfd8 21.
Rxd8+ Rxd8 22. Rd1 Rxd1+ 23. Nxd1 Kf7 24. f3 Nd5 25. Be1 Nb4 26. Bxb4 axb4 27.
Nf2 Ke7 28. Ne4 Kd7 29. Kf2 Be7 30. Ke3 c5 31. Kd3 Kc6 32. Kc4 Kb6 33. Nf2 Bd6
34. h3 h6 35. Ng4 Ka5 36. Kd3 h5 37. Ne3 Kb6 38. Ke4 Kb7 39. Nc4 Kc6 40. Nxe5+
Bxe5 41. Kxe5 Kd7 42. h4 g6 43. g4 Ke7 44. g5 c6 45. f4 Kd7 46. a5 Kc7 47. Kxe6
Kb7 48. f5 1-0

[Event "McGill op"]
[Site "Montreal CAN"]
[Date "2016.04.29"]
[Round "1.9"]
[White "Marin, Sam"]
[Black "Masse, Hugues"]
[Result "0-1"]
[WhiteElo "1885"]
[BlackElo "2212"]
[PlyCount "90"]
[EventDate "2016.04.28"]
[EventType "swiss"]
[EventRounds "5"]
[EventCountry "CAN"]

1. e4 e6 2. d4 d5 3. e5 c5 4. c3 Nc6 5. Nf3 Bd7 6. a3 f6 7. b4 fxe5 8. dxe5 Qc7
9. Bf4 Nh6 10. Bd3 Nf7 11. Qe2 g5 12. Nxg5 Nxg5 13. Bxg5 Qxe5 14. f4 Qxe2+ 15.
Bxe2 Bg7 16. Bh5+ Kf8 17. Ra2 Ne7 18. Re2 cxb4 19. cxb4 Nf5 20. g4 Nd4 21. Rf2
h6 22. Bh4 Bb5 23. f5 exf5 24. gxf5 Be5 25. Nc3 Bc4 26. Bg3 Nc6 27. Bxe5 Nxe5
28. Be2 Re8 29. O-O Rg8+ 30. Rg2 Rxg2+ 31. Kxg2 Bxe2 32. Nxe2 Nc4 33. Kf2 Nxa3
34. Ra1 Nb5 35. Nf4 d4 36. Rd1 Kf7 37. Ne6 Kf6 38. Kf3 Rc8 39. Kf4 Rc4 40. Nc5
Rxb4 41. Nxb7 Nc3 42. Ra1 Rxb7 43. Ra6+ Kg7 44. f6+ Kf7 45. Rd6 Nb5 0-1

[Event "McGill op"]
[Site "Montreal CAN"]
[Date "2016.04.29"]
[Round "1.10"]
[White "MacKinnon, Keith"]
[Black "Fan, Run Kun"]
[Result "1-0"]
[WhiteElo "2194"]
[BlackElo "1864"]
[PlyCount "115"]
[EventDate "2016.04.28"]
[EventType "swiss"]
[EventRounds "5"]
[EventCountry "CAN"]

1. e4 Nf6 2. e5 Nd5 3. d4 d6 4. c4 Nb6 5. exd6 cxd6 6. Nc3 g6 7. Be3 Bg7 8. Rc1
O-O 9. Qd2 Nc6 10. b3 e5 11. dxe5 dxe5 12. Qxd8 Rxd8 13. c5 Nd5 14. Nxd5 Rxd5
15. Bc4 Rd8 16. Nf3 h6 17. O-O Bg4 18. Nd2 Nd4 19. f3 Be6 20. Ne4 Bxc4 21. Rxc4
b5 22. cxb6 axb6 23. a4 Rab8 24. b4 b5 25. axb5 Rxb5 26. Nc5 Nf5 27. Bf2 Nd6
28. Rd1 Bf6 29. Ne4 Nxe4 30. Rxd8+ Bxd8 31. fxe4 Bb6 32. Kf1 Bxf2 33. Kxf2 Kf8
34. Ke3 Ke7 35. Kd3 Rb6 36. Kc3 f5 37. Rc7+ Ke6 38. exf5+ gxf5 39. Kc4 e4 40.
Rc8 Kd7 41. Rf8 Ke6 42. b5 Ke5 43. Kc5 Rg6 44. b6 Rxg2 45. Re8+ Kf4 46. b7 Rb2
47. b8=Q+ Rxb8 48. Rxb8 e3 49. Kd4 Kf3 50. Kd3 f4 51. Rf8 h5 52. h4 Kg3 53. Ke2
Kg4 54. Rg8+ Kxh4 55. Kf3 Kh3 56. Kxf4 e2 57. Re8 h4 58. Kf3 1-0

[Event "McGill op"]
[Site "Montreal CAN"]
[Date "2016.04.29"]
[Round "1.11"]
[White "Struben, Jeroen"]
[Black "Soudre, Nicolas"]
[Result "0-1"]
[WhiteElo "1856"]
[BlackElo "2101"]
[PlyCount "46"]
[EventDate "2016.04.28"]
[EventType "swiss"]
[EventRounds "5"]
[EventCountry "CAN"]

1. d4 e6 2. c4 Nf6 3. Nf3 b6 4. g3 Bb4+ 5. Bd2 Be7 6. Bg2 Bb7 7. O-O c5 8. Nc3
cxd4 9. Nb5 d6 10. Nbxd4 O-O 11. Qc2 Nbd7 12. Rfd1 Rc8 13. Ng5 Bxg2 14. Ndxe6
fxe6 15. Nxe6 Be4 16. Qc3 Qe8 17. Nxf8 Bxf8 18. b3 d5 19. Qd4 Bc5 20. Qb2 Qh5
21. h4 Qg4 22. Kh2 Bxf2 23. Bf4 Qf5 0-1

[Event "McGill op"]
[Site "Montreal CAN"]
[Date "2016.04.29"]
[Round "1.12"]
[White "Libersan, Thierry"]
[Black "Gauthier, Denis"]
[Result "1-0"]
[WhiteElo "2052"]
[BlackElo "1849"]
[PlyCount "79"]
[EventDate "2016.04.28"]
[EventType "swiss"]
[EventRounds "5"]
[EventCountry "CAN"]

1. d4 Nf6 2. c4 e6 3. Nf3 Bb4+ 4. Bd2 a5 5. g3 b6 6. Bg2 Bb7 7. O-O Bxd2 8.
Qxd2 d6 9. Nc3 Nbd7 10. Qc2 O-O 11. e4 e5 12. Rfe1 Qe7 13. Nd5 Qd8 14. Rac1 c6
15. Nc3 Qe7 16. Rcd1 Rfd8 17. a3 Ba6 18. Bf1 Bb7 19. b4 axb4 20. axb4 Ra3 21.
Bg2 Rda8 22. Qb2 Qe8 23. d5 cxd5 24. cxd5 Qb8 25. Nd2 Ne8 26. Rc1 Qd8 27. h4
R3a7 28. Bf1 Nc7 29. Nc4 Ne8 30. Ne3 Qf6 31. Ra1 Qd8 32. Bb5 Nc7 33. Rxa7 Rxa7
34. Bc6 Nf6 35. Ra1 Qa8 36. Rxa7 Qxa7 37. Nf5 Nfe8 38. Qc1 h6 39. Kg2 Bc8 40.
Ne7+ 1-0

[Event "McGill op"]
[Site "Montreal CAN"]
[Date "2016.04.29"]
[Round "1.14"]
[White "Robichaud, Louis"]
[Black "Li, Yi Lin"]
[Result "1-0"]
[WhiteElo "2024"]
[BlackElo "1844"]
[PlyCount "59"]
[EventDate "2016.04.28"]
[EventType "swiss"]
[EventRounds "5"]
[EventCountry "CAN"]

1. e4 c5 2. d3 Nc6 3. g3 g6 4. Bg2 Bg7 5. f4 e5 6. fxe5 Bxe5 7. Nc3 Nge7 8.
Nge2 O-O 9. Bh6 Re8 10. O-O d6 11. Nf4 Bd4+ 12. Kh1 Ne5 13. h3 Be6 14. Nce2
Bxb2 15. Rb1 Ba3 16. Nxe6 fxe6 17. c3 Qa5 18. d4 Nf7 19. Rxf7 Kxf7 20. Qf1+ Nf5
21. exf5 gxf5 22. Rxb7+ Re7 23. Rxe7+ Kxe7 24. Bxa8 d5 25. Bg5+ Kd7 26. Bxd5
exd5 27. Qxf5+ Kc6 28. Qe6+ Kb5 29. Qxd5 Qa6 30. dxc5 1-0

[Event "McGill op"]
[Site "Montreal CAN"]
[Date "2016.04.29"]
[Round "1.15"]
[White "Johnson-Constantin, Matthieu"]
[Black "Ouellet, Maili-Jade"]
[Result "1-0"]
[WhiteElo "1813"]
[BlackElo "2016"]
[PlyCount "113"]
[EventDate "2016.04.28"]
[EventType "swiss"]
[EventRounds "5"]
[EventCountry "CAN"]

1. e4 c5 2. Nf3 e6 3. d4 cxd4 4. Nxd4 a6 5. Nc3 b5 6. Bd3 Bb7 7. O-O Bc5 8. Nb3
Be7 9. Be3 d6 10. f4 Nd7 11. Qf3 Ngf6 12. h3 h5 13. a4 b4 14. Ne2 Qc7 15. c3 d5
16. Nd2 Nc5 17. Bxc5 Bxc5+ 18. Kh1 bxc3 19. Nxc3 Qe7 20. exd5 Nxd5 21. Be4
O-O-O 22. Nc4 Nf6 23. Bc6 Qc7 24. Ne5 Bxc6 25. Nxc6 Rd2 26. b4 Bd6 27. Rac1 Kd7
28. b5 Rc8 29. Qe3 Rb2 30. Rfd1 Ke8 31. Qd4 Bxf4 32. Ne4 Nxe4 33. Qxe4 Bxc1 34.
Qh7 Bd2 35. Qg8+ Kd7 36. Qxf7+ Kd6 37. Qf4+ Kd7 38. Qd4+ Ke8 39. Qxb2 axb5 40.
axb5 Bg5 41. Qe2 Qf7 42. Rd6 Kf8 43. Qf3 Bf6 44. b6 Qb7 45. Rxe6 Kg8 46. Qd5
Qf7 47. Qd6 Qb7 48. Qd5 Kf8 49. Qd6+ Kg8 50. Qd5 Kf8 51. Qc5+ Kg8 52. Qxh5 Qd7
53. Rxf6 gxf6 54. Qg6+ Kh8 55. Qxf6+ Kh7 56. Ne5 Qg7 57. Qf5+ 1-0

[Event "McGill op"]
[Site "Montreal CAN"]
[Date "2016.04.30"]
[Round "2.2"]
[White "Hirschberg, Valerian"]
[Black "MacKinnon, Keith"]
[Result "1-0"]
[WhiteElo "2317"]
[BlackElo "2194"]
[PlyCount "95"]
[EventDate "2016.04.28"]
[EventType "swiss"]
[EventRounds "5"]
[EventCountry "CAN"]

1. Nf3 d5 2. g3 Bg4 3. Bg2 Nf6 4. c4 Nc6 5. cxd5 Nxd5 6. O-O e5 7. d3 Be7 8.
Nc3 Be6 9. d4 Nxc3 10. bxc3 e4 11. Nd2 f5 12. e3 O-O 13. c4 Nb4 14. Bb2 c6 15.
Bc3 Qd7 16. a3 Na6 17. f3 exf3 18. Qxf3 Bf6 19. Rab1 Rae8 20. Bb4 Be7 21. Bxe7
Qxe7 22. Rb3 Bc8 23. Qf2 Rf6 24. Nf3 Nb8 25. Qd2 Qd8 26. Rd1 Nd7 27. Ne1 Nb6
28. Rc3 Be6 29. d5 cxd5 30. cxd5 Bf7 31. Nc2 Rd6 32. Rc5 Na4 33. Rb5 Qc7 34.
Nd4 a6 35. Rb4 Qd7 36. Nxf5 Rf6 37. Bh3 Kh8 38. Qd4 Bg6 39. e4 b5 40. Rf1 Bxf5
41. Bxf5 Qe7 42. Rbb1 Qxa3 43. e5 Nc3 44. Rbe1 Qb2 45. Qd3 Rh6 46. Rf2 Qb4 47.
Rc1 Na4 48. e6 1-0

[Event "McGill op"]
[Site "Montreal CAN"]
[Date "2016.04.30"]
[Round "2.3"]
[White "Soudre, Nicolas"]
[Black "Leveille, Francois"]
[Result "0-1"]
[WhiteElo "2101"]
[BlackElo "2287"]
[PlyCount "68"]
[EventDate "2016.04.28"]
[EventType "swiss"]
[EventRounds "5"]
[EventCountry "CAN"]

1. e4 c6 2. d4 d5 3. Nc3 dxe4 4. Nxe4 Bf5 5. Ng3 Bg6 6. Nf3 Nd7 7. h4 h6 8. h5
Bh7 9. Bd3 Bxd3 10. Qxd3 e6 11. Bf4 Qa5+ 12. Bd2 Bb4 13. c3 Be7 14. a3 Ngf6 15.
c4 Qc7 16. Ne4 O-O 17. O-O-O b5 18. Nxf6+ Nxf6 19. Kb1 Rfd8 20. Rc1 Qb7 21. Ka1
a6 22. Qe2 b4 23. Bxb4 Bxb4 24. axb4 Qxb4 25. Rc3 c5 26. dxc5 Rac8 27. Ne5 Qxc5
28. f3 Nxh5 29. Rxh5 Qg1+ 30. Ka2 Rd1 31. Nd3 Ra1+ 32. Kb3 Qb1 33. Rc2 Qa2+ 34.
Kb4 Qa4+ 0-1